The fourth Janko group

Αποθηκεύτηκε σε:
Λεπτομέρειες βιβλιογραφικής εγγραφής
Κύριος συγγραφέας: Ivanov, A. A.
Μορφή: Βιβλίο
Γλώσσα:English
Δημοσίευση: Oxford : New York : Clarendon Press ;, Oxford University Press, 2004
Σειρά:Oxford mathematical monographs
Oxford science publications
Θέματα:
Ετικέτες: Προσθήκη ετικέτας
Δεν υπάρχουν, Καταχωρήστε ετικέτα πρώτοι!

MARC

LEADER 00000nam a2200000 i 4500
001 1/52197
008 070823s2004 eng d
020 |a 0-19-852759-4 
035 |l 10089937 
040 |a GR-MY-UA  |b gre  |e aacr 
041 0 |a eng 
082 0 |a 512.2  |2 (22) 
100 1 |a Ivanov, A. A. 
245 1 4 |a The fourth Janko group /  |c A.A Ivanov 
260 |a Oxford :   |a New York :   |b Clarendon Press ;,   |b Oxford University Press,   |c 2004 
300 |a xv, 233 σ.;  |b εικ.;  |c 24 εκ. 
490 1 |a Oxford mathematical monographs 
490 1 |a Oxford science publications 
504 |a Περιλαμβάνει βιβλιογραφικές παραπομπές (σ. 227-231) και ευρετήριο. 
650 0 0 |a Janko groups. 
830 0 |a Oxford mathematical monographs 
830 0 |a Oxford science publications 
852 |a INST  |b SAMOS  |e 20070823  |h 512.2 IVA  |p 005300025505  |q 005300025505  |t BK  |y 0 
901 |a BIBL3-2007-2 
909 |a Σ  |b 137087 
922 |a 3ΕΛΗ  |b 200707  |c ΕΠΕΑΕΚ2/ΤΜΗΜΑ ΜΑΘΗΜΑΤΙΚΩΝ  |d ΠΑΠΑΣΩΤΗΡΙΟΥ 
970 |a ΣΙΤΖΙΜΗ  |b ΓΙΑΣΕΜΗ  |z 2007/08/23